000 00572nam a2200145 a 4500
001 000038159
005 20201002031202.0
008 130319s1997 dr 000 0 spa d
020 _a976815618X
040 _aDO-SdBNP
_bspa
_cBNPHU
111 2 _aSeminario internacional sobre Remodelación Urbana
_d(1988 sep. 21-26 :
_cMuseo de Historia y Geografía Santo Domingo, República Dominicana)
_964521
245 1 0 _aRemodelación Urbana :
_bseminario internacional sobre Remodelacion Urbana.
260 _aSanto Domingo :
_bCiudad Alternativa ,
_c1997.
300 _a239 p. ;
_c22 cm.
999 _c37649
_d37649